[Event "COL-ch U16"]
[Site "Villavicencio"]
[Date "2022.05.12"]
[Round "2"]
[White "Rios Lopez, Brayan Stiven"]
[Black "Portilla Carranza, Matias"]
[Result "0-1"]
[WhiteElo "1458"]
[BlackElo "1108"]
[PlyCount "74"]
[EventDate "2022.05.11"]
[EventType "swiss"]
[EventRounds "9"]
[EventCountry "COL"]
[SourceTitle "CBM 208 Extra"]
[Source "ChessBase"]
[SourceDate "2022.07.31"]
[SourceVersion "1"]
[SourceVersionDate "2022.07.31"]
[SourceQuality "1"]

1. e4 e5 2. Nf3 Nc6 3. Bc4 Bc5 4. c3 Nf6 5. d4 exd4 6. e5 d5 7. Bb5 Ne4 8. cxd4 Bb4+ 9. Bd2 0-0 10. Bxc6 Nxd2 11. Nbxd2 bxc6 12. 0-0 f6 13. a3 Ba5 14. h3 Rb8 15. b4 Bb6 16. a4 a5 17. bxa5 Bxa5 18. Nb3 Bb4 19. Rb1 Ba6 20. Nc5 Bxf1 21. Ne6 Qe7 22. Nxf8 Bc4 23. exf6 gxf6 24. Nxh7 Qxh7 25. Nd2 Kf7 26. Qg4 f5 27. Qg3 Bd6 28. Qg5 Rxb1+ 29. Nxb1 Qg6 30. Qd8 Qe6 31. g3 Qe1+ 32. Kh2 Qxf2+ 33. Kh1 Bf1 34. Qd7+ Be7 35. Qxf5+ Qxf5 36. Nd2 Qxh3+ 37. Kg1 Qg2# 0-1

[Event "COL-ch U16"]
[Site "Villavicencio"]
[Date "2022.05.12"]
[Round "3"]
[White "Rios Lopez, Brayan Stiven"]
[Black "Socha, Juan Pablo"]
[Result "1/2-1/2"]
[WhiteElo "1458"]
[BlackElo "1270"]
[PlyCount "45"]
[EventDate "2022.05.11"]
[EventType "swiss"]
[EventRounds "9"]
[EventCountry "COL"]
[SourceTitle "CBM 208 Extra"]
[Source "ChessBase"]
[SourceDate "2022.07.31"]
[SourceVersion "1"]
[SourceVersionDate "2022.07.31"]
[SourceQuality "1"]

1. e4 e5 2. g3 Bc5 3. Nf3 d6 4. c4 Bg4 5. Bg2 Qf6 6. 0-0 Bxf3 7. Qxf3 Nc6 8. Nc3 Qxf3 9. Bxf3 Nd4 10. Bg2 Nf6 11. d3 h5 12. Bg5 0-0-0 13. Nd5 Rde8 14. Bxf6 gxf6 15. Nxf6 Re6 16. Nd5 h4 17. gxh4 Rxh4 18. b4 c6 19. bxc5 cxd5 20. cxd6 dxe4 21. dxe4 Rxd6 22. c5 Rc6 23. Rac1 1/2-1/2